000 00626nam a2200217Ia 4500
001 2955
003 GE_BSU
008 181216s||||||||xx |||||||||||||| ||und||
040 _cGE_BSU
080 _a547.94
100 _aОрехов,А.П.
245 _aХимия алкалоидов.
245 _cОтв.ред. В.М.Родионов.
250 _aвторое издание, исправленное и дополненное.
260 _aМ.
260 _bАкадемии наук СССР.
260 _c1955.
300 _a860 стр. 26 см.
653 _aХимия алкалоидов.
942 _cBK
999 _c37003
_d37003